• 首页
  • 本馆介绍
  • 公告通知
  • 最新文献
  • 馆藏检索
  • 电子资源
  • 读者导购
  • 参考咨询
  • 我的图书馆
  • 登录
  • 详细信息显示
  • 放入我的书架
  • 预约/预借图书
  • 作者相关作品
  • 分类相关作品
  • 丛书相关作品
  • 出版社相关作品

书目信息

  • 表格格式
  • 工作单格式
  • 卡片格式
题名:
结构主义与国际关系理论
    
 
作者: 薛力 著
分册:  
出版信息: 北京   中国社会科学出版社  2016
页数: 332页
开本: 24cm
丛书名: 世经政丛书
单 册:
中图分类: B089 , D80
科图分类:
主题词: 结构主义(哲学)--jie gou zhu yi (zhe xue )--研究 , 国际关系理论--guo ji guan xi li lun--研究
电子资源:
ISBN: 978-7-5161-8102-7
000 01483nam0 22002891 450
001 0119171254
005 20170619171254.0
010    @a978-7-5161-8102-7@dCNY78.00
100    @a20160921d2016 em y0chiy50 ea
101 0  @achi
102    @aCN@b110000
105    @ay z 000yy
106    @ar
200 1  @a结构主义与国际关系理论@9jie gou zhu yi yu guo ji guan xi li lun@e变迁与创新@f薛力著
210    @a北京@c中国社会科学出版社@d2016
215    @a332页@d24cm
225 2  @a世经政丛书@9shi jing zheng cong shu@i世界政治系列@f张宇燕主编
330    @a本书是国内部比较系统梳理结构与结构主义的专著,探索了结构主义思潮的兴起、结构概念在不同人文与社会科学学科中的运用,概括其主要特征。以此为铺垫,接下来重点分析结构概念进入国际关系理论后发生的变迁,主要内涵与不足。后探讨了国际关系中的结构理论,进一步发展的突破口在哪里,并给出自己的力量创新初步框架。这是一种跨学科研究,涉及不同学科思想史的探究与中心线索把握,并进行不同学科的结构观比较,这是一项难度比较大的研究,既有元理论研究,又有思想史梳理,还有理论创新方面的尝试。虽然不够成熟,但整体而言,无论是对于国内结构主义研究,还是国际关系理论创新的研究,都具有启发与借鉴作用。
461  0 @12001 @a世经政丛书
517 1  @a变迁与创新@9bian qian yu chuang xin
606 0  @a结构主义(哲学)@9jie gou zhu yi (zhe xue )@x研究
606 0  @a国际关系理论@9guo ji guan xi li lun@x研究
690    @aB089@v5
690    @aD80@v5
701  0 @a薛力@9xue li@c(政治)@4著
801  0 @aCN@b百万庄@c20170616
905    @b1012053-8@dB089@e72@f6
    
    结构主义与国际关系理论:变迁与创新/薛力著 .-北京:中国社会科学出版社,2016
    332页;24cm.-(世经政丛书.世界政治系列/张宇燕主编)
    
    
    ISBN 978-7-5161-8102-7:CNY78.00
    本书是国内部比较系统梳理结构与结构主义的专著,探索了结构主义思潮的兴起、结构概念在不同人文与社会科学学科中的运用,概括其主要特征。以此为铺垫,接下来重点分析结构概念进入国际关系理论后发生的变迁,主要内涵与不足。后探讨了国际关系中的结构理论,进一步发展的突破口在哪里,并给出自己的力量创新初步框架。这是一种跨学科研究,涉及不同学科思想史的探究与中心线索把握,并进行不同学科的结构观比较,这是一项难度比较大的研究,既有元理论研究,又有思想史梳理,还有理论创新方面的尝试。虽然不够成熟,但整体而言,无论是对于国内结构主义研究,还是国际关系理论创新的研究,都具有启发与借鉴作用。
●
相关链接 在E读中查询图书 在五车中查询图书 在当当中查询图书 在豆瓣中查询图书


正题名:结构主义与国际关系理论     索取号:B089/72         预约/预借

序号 登录号 条形码 馆藏地/架位号 状态 备注
1 1012053   210120536   第一样本阅览室/ [索取号:B089/72] 在馆    
2 1012054   210120545   教育系资料室/ [索取号:B089/72] 在馆    
3 1012055   210120554   教育系资料室/ [索取号:B089/72] 在馆    
4 1012056   210120563   教育系资料室/ [索取号:B089/72] 在馆    
5 1012057   210120572   第一借阅区/ [索取号:B089/72] 在馆    
6 1012058   210120581   第一借阅区/ [索取号:B089/72] 在馆    
唐山师范学院图书馆 欢迎您!
大连网信软件有限公司© 版权所有